| 000 | 01193nam a2200301 4500 | ||
|---|---|---|---|
| 003 | EG-GICUC | ||
| 005 | 20260121101206.0 | ||
| 008 | 251110s1936 ua ||||fr|||| 00| 0 ara d | ||
| 040 |
_a EG-GICUC _bara _c EG-GICUC _d EG-GICUC _erda |
||
| 041 | 0 | _aara | |
| 082 | 0 | 4 |
_221 _a341.6 _bع م . ج |
| 092 | 0 | 4 | _221 |
| 099 | _aLaw1 11 341.6 ع م . ج 1936 | ||
| 100 | 0 |
_aعمر طوسون _cالامير _eمؤلف. |
|
| 245 | 1 | 2 |
_aالجيش المصرى فى الحرب الروسية المعروفة بحرب القرم 1853- 1855 / _cالامير عمر طوسون. |
| 264 |
_aالاسكندرية : _bمطبعة المستقبل, _c1936 . |
||
| 300 |
_a250 صفحة : _bصور ؛ _c24 سم. |
||
| 336 |
_2rda content _atext |
||
| 337 |
_2rda media _aComputer |
||
| 338 |
_2rda carrier _aOnline Resource |
||
| 504 | _aيحتوي على اراجاعات ببليوجرافية | ||
| 546 | _aالنص أغلبه باللغة العربية مع بعض النصوص الإنجليزية | ||
| 650 | 1 |
_aالقانون الحربى _zمصر |
|
| 650 | 1 | _aحرب القرم | |
| 856 | 4 | 0 | _uhttps://fll.law.cu.edu.eg/fulltext/bks/B11-04414.pdf |
| 905 |
_a75 _eYara |
||
| 942 |
_2ddc _n0 _cBK _e21 |
||
| 999 |
_c42348 _d42348 |
||